| 000 | 00725nam a22002657a 4500 | ||
|---|---|---|---|
| 001 | BR8107371 | ||
| 003 | BR-BrBNA | ||
| 005 | 20230928091115.0 | ||
| 007 | ta | ||
| 008 | 230509b bl.||||| |||| 00| 0 por d | ||
| 040 |
_aBR-BrBNA _bpor _cBiblioteca Nacional de Agricultura |
||
| 041 | _a(Por) | ||
| 072 |
_aE15; E50 _b/G514 |
||
| 090 | _ E15 BR8107371 | ||
| 100 | 1 | _aChaia, V.L.M. | |
| 245 | 1 | _aOs conflitos de arrendatarios em Santa Fe do Sul, Sao Paulo (1959-1969)[posse de terra, Brasil] | |
| 260 | 3 |
_a[np](Brasil): _c[nd]. |
|
| 300 | _a2 p. | ||
| 500 | _aPublished 1980? | ||
| 650 | _aPOSSE DE TERRA | ||
| 650 | _aARRENDAMENTO | ||
| 650 | _aSAO PAULO | ||
| 909 |
_a202309 _bLucia _c55 _dLucia Elande |
||
| 942 | _cBK | ||
| 999 |
_c32256 _d32256 |
||